| 000 | nam a22 7a 4500 | ||
|---|---|---|---|
| 999 |
_c153419 _d153417 |
||
| 005 | 20191212093905.0 | ||
| 008 | 191212b cr ||||| |||| 00| 0 spa d | ||
| 020 | _a9977131228 | ||
| 050 | 0 | 4 |
_aKGB3019 _bC67 1997 |
| 100 | 1 | _aCórdoba Ortega, Jorge. | |
| 245 | 1 | 3 |
_aEl derecho de petición como garantía fundamental _b: (con jurisprudencia constitucional) _c/ Jorge Córdoba Ortega. |
| 250 | _a1a ed. | ||
| 260 |
_aSan José, Costa Rica : _bInvestigaciones Jurídicas, _c1997. |
||
| 300 |
_a224 p. ; _c21 cm. |
||
| 504 | _aIncluye bibliografía. | ||
| 650 | 4 |
_aDerecho de petición _zCosta Rica |
|
| 650 | 7 |
_2lemb _aDerechos civiles _zCosta Rica |
|
| 942 |
_2lcc _cLIB |
||